The Liao-yang campaign, (Record no. 553082)
[ view plain ]
| 000 -LEADER | |
|---|---|
| fixed length control field | 00512cam a2200157u 4500 |
| 082 ## - DEWEY DECIMAL CLASSIFICATION NUMBER | |
| Classification number | 952.031 |
| Author Mark | BUR |
| 100 1# - MAIN ENTRY--PERSONAL NAME | |
| Personal name | Burne, Alfred Higgins, |
| 9 (RLIN) | 48583 |
| 245 14 - TITLE STATEMENT | |
| Title | The Liao-yang campaign, |
| 260 ## - PUBLICATION, DISTRIBUTION, ETC. | |
| Place of publication, distribution, etc. | London, |
| Name of publisher, distributor, etc. | W. Clowes, |
| Date of publication, distribution, etc. | 1936. |
| 300 ## - PHYSICAL DESCRIPTION | |
| Extent | xvii, 125 p. |
| Other physical details | 1 illus., fold. map, plans (part fold.) |
| Dimensions | 22 cm. |
| 526 ## - STUDY PROGRAM INFORMATION NOTE | |
| Program name | 0 |
| Interest level | 0 |
| Reading level | 0 |
| Title point value | 952_031000000000000_BUR |
| 650 #0 - SUBJECT ADDED ENTRY--TOPICAL TERM | |
| Topical term or geographic name entry element | Liaoyang, Battle of, Liaoyang, China, 1904. |
| 9 (RLIN) | 50359 |
| 650 #0 - SUBJECT ADDED ENTRY--TOPICAL TERM | |
| Topical term or geographic name entry element | MCE |
| 9 (RLIN) | 379 |
| 650 #0 - SUBJECT ADDED ENTRY--TOPICAL TERM | |
| Topical term or geographic name entry element | Russo-Japanese War, 1904-1905. |
| 9 (RLIN) | 49509 |
| 942 ## - ADDED ENTRY ELEMENTS (KOHA) | |
| Source of classification or shelving scheme | |
| Koha item type | Book |
| Withdrawn status | Lost status | Source of classification or shelving scheme | Damaged status | Not for loan | Permanent Location | Current Location | Shelving location | Date acquired | Total Checkouts | Full call number | Barcode | Date last seen | Price effective from | Koha item type |
|---|---|---|---|---|---|---|---|---|---|---|---|---|---|---|
| Military College of Engineering (MCE) | Military College of Engineering (MCE) | 01/29/2015 | 952.031 BUR | MCE-ECL /33 | 01/29/2015 | 01/29/2015 | Book |
